000 00602nam a22002297a 4500
003 UA-OsUOA
001 47783
007 ta
008 20070820b un ||||| |||| 00| 0 ukr d
100 _aНикольский Н.М.
090 _a262(470)
_bН64
942 _cBK
040 _aUA-OsUOA
_brus
_cUA-OsUOA
_dUA-OsUOA
245 _aИстория русской церкви
300 _a448 с.
955 _a1
041 _arus
080 _a262(470)
260 _aМ.
_bПолитиздат
_c1985
650 7 _a26 Християнська Церква загалом
_2UDC
999 _c333891
_d333891